000 00541nam a2200193Ia 4500
005 20260120130342.0
008 008 260114s9999 xx 000 0 eng d
020 _a9780199785162
037 _aEBOOK
040 _aCRL
_beng
_cCRL
041 _aeng
_2eng
084 _qCRL
100 _aEisen
_9913988
245 4 _aThe Book of Job in Medieval Jewish Philosophy
260 _bOxford University PressOxford University Press
_c2007
856 _uhttps://academic.oup.com/book/36031
942 _cEBOOK
999 _c1505891
_d1505891